000 00921nam a2200277 a 4500
001 79998
003 BD-RjUL
005 20220620130159.0
008 220620s2012 nju b 001 0 eng
020 _a9781118028681 (cloth)
035 _a(BD-RjUL)79998
040 _aDNLM/DLC
_cDLC
_dDLC
_dBD-RjUL
_beng
041 _aeng
082 0 0 _223
_a615.7
_bSUB 2012
100 1 _aSugano, Kiyohiko.
_93736
245 1 0 _aBiopharmaceutics modeling and simulations :
_btheory, practice, methods, and applications /
_cKiyohiko Sugano.
260 _aHoboken, N.J. :
_bJohn Wiley & Sons,
_cc2012.
300 _axxxv, 483 p. :
_bill. ;
_c24 cm.
504 _aIncludes bibliographical references and index.
650 1 2 _aBiopharmaceutics
_xmethods.
_93737
650 2 2 _aComputer Simulation.
_93738
650 2 2 _aDrug Compounding
_xmethods.
_93739
650 2 2 _aModels, Theoretical.
_93740
942 _2ddc
_cBK
999 _c79998
_d79998